Movies Quiz

Random Movies or Oscar Quiz
Score 0/112 Timer 15:00
0 Plays Today
Years Actor % Correct
1972, 1974Al Pacino
90%
1954, 1972Marlon Brando
88%
1974, 1978Robert De Niro
88%
2014, 2015Michael Keaton
87.7%
1969, 1979, 1988Dustin Hoffman
83.9%
1975, 1983, 2006Jack Nicholson
83.9%
1978, 1979, 1985Meryl Streep
82.7%
1972, 1974, 1977Diane Keaton
79.1%
1997, 2006Leonardo DiCaprio
78.7%
1989, 1992, 2004Morgan Freeman
77.9%
1934, 1935, 1939Clark Gable
76.7%
1992, 2004Clint Eastwood
75.5%
1973, 1985Robert Redford
73.5%
2000, 2001Russell Crowe
71.9%
2016, 2018Mahershala Ali
71.7%
1971, 1992Gene Hackman
71.5%
1972, 1974Robert Duvall
69.9%
1972, 1974, 1976Talia Shire
65.1%
1938, 1952James Stewart
64.3%
1972, 1974, 1978John Cazale
63.5%
1962, 1987Peter O'Toole
63.1%
1972, 1974Morgana King
62.7%
1982, 1993Ben Kingsley
62.7%
1993, 1996, 2009Ralph Fiennes
62.7%
1977, 1978Christopher Walken
61.8%
1998, 2012Ben Affleck
61.7%
1996, 1998, 2010Colin Firth
58.6%
2011, 2012John Goodman
53.4%
1940, 1948Laurence Olivier
51.8%
1956, 1960, 1983Shirley MacLaine
51%
1982, 2006Martin Sheen
51%
1952, 1959Charlton Heston
49.8%
1998, 2010Geoffrey Rush
47.8%
1992, 2000Richard Harris
46.2%
1957, 1962Alec Guinness
45%
2003, 2018Viggo Mortenson
43.5%
1940, 1964Gladys Cooper
41.8%
1965, 2001Christopher Plummer
39%
Years Actor % Correct
1981, 2003Ian Holm
34.1%
1947, 1950Celeste Holm
33.7%
1954, 1967Rod Steiger
33.7%
1986, 1996Willem Dafoe
33.7%
1948, 1956Harcourt Williams
32.1%
1932, 1938Lionel Barrymore
31.7%
1968, 2000Oliver Reed
29.3%
2009, 2010Guy Pearce
29.1%
1972, 1974Abe Vigoda
28.1%
1975, 1983Danny DeVito
28.1%
1982, 1997, 2003Bernard Hill
26.8%
1954, 1970Karl Malden
24.5%
1966, 1973Robert Shaw
24.1%
1953, 1955Ernest Borgnine
23.7%
1956, 1981, 1982John Gielgud
22.9%
1943, 1962Claude Rains
22.1%
1959, 1963, 1968Hugh Griffith
20.5%
1938, 1939Eddie 'Rochester' Anderson
19.3%
1956, 1982Trevor Howard
19.3%
1942, 1946Theresa Wright
18.9%
2004, 2009Anthony Mackie
18.9%
1940, 1950George Sanders
17.3%
1980, 2001Judd Hirsch
16.1%
1954, 1972Rudy Bond
15.8%
1951, 1958Leslie Caron
14.9%
1936, 1946Myrna Loy
14.1%
2012, 2013Scoot McNairy
12.9%
1941, 1942Walter Pidgeon
12.4%
1935, 1937, 1941Donald Crisp
11.6%
1957, 1959, 1962Jack Hawkins
11.2%
1941, 1944Barry Fitzgerald
10.4%
1997, 2012Victor Garber
10.4%
2013, 2014Bill Camp
8.6%
2004, 2005Michael Pena
8.5%
2000, 2010Derek Jacobi
8%
1977, 1994Dick Cavett
8%
1963, 1966Susannah York
7.6%
1948, 1964Stanley Holloway
6.4%
Years Actor % Correct
1972, 1974Gianni Russo
6%
1956, 1982John Mills
5.6%
1977, 1991Tracey Walter
5.6%
1984, 1998Simon Callow
5.2%
1937, 1938, 1939Harry Davenport
4.4%
1972, 1974Richard Bright
4.4%
1966, 1981Nigel Davenport
4.4%
1981, 1982Richard Griffiths
3.7%
1975, 1984Vincent Schiavelli
3.6%
1936, 1942Reginald Owen
3.6%
1927, 1934Roscoe Karns
3.2%
1948, 1962Anthony Quayle
3.2%
1960, 1973Ray Walston
3.2%
1963, 1997David Warner
3.2%
2006, 2015Dennis Lynch
2.5%
1942, 1952Henry Wilcoxon
2.4%
1956, 1959Finlay Currie
2.4%
1946, 1959Cathy O'Donnell
2.4%
2007, 2013Garrett Dillahunt
2.3%
1935, 1938Spring Byington
1.6%
1942, 1958John Abbott
1.6%
1947, 1959Sam Jaffe
1.2%
1957, 1959Andre Morrell
1.2%
1972, 1974Tere Livrano
1.2%
1962, 1966, 1970Jack Gwillim
0.8%
2006, 2013John McConnell
0.8%
1939, 1956Evelyn Keyes
0.4%
1970, 1971Bill Hickman
0.4%
1963, 1985Rachel Kempson
0.4%
1997, 2006Shay Duffin
0%
1953, 1954Arthur Keegan
0%
1974, 1991Roger Corman
0%
1957, 1982John Boxer
0%
1946, 1979Howland Chamberlain
0%
1992, 1996Liisa Repo-Martell
0%
1990, 1992Larry Joshua
0%
Remove Ads.
Support Sporcle.
Get the best of Sporcle when you Go Orange. This ad-free experience offers more features, more stats, and more fun while also helping to support Sporcle. Thank you for becoming a member.

You're not logged in!

Compare scores with friends on all Sporcle quizzes.
OR
Log In

Show Comments

Extras

Top Quizzes Today


Score Distribution

Your Account Isn't Verified!

In order to create a playlist on Sporcle, you need to verify the email address you used during registration. Go to your Sporcle Settings to finish the process.

Report this User

Report this user for behavior that violates our Community Guidelines.

Details: